Reunión grupo de expertos en violencia en la familia con énfasis especial en sus efectos en las mujeres

Gardado en:
Detalles Bibliográficos
Autor Corporativo: Naciones Unidas
Formato: Texto
Publicado: s.l.: FLACSO
Etiquetas: Engadir etiqueta
Sen Etiquetas, Sexa o primeiro en etiquetar este rexistro!

MARC

LEADER 00000 a a2200000 04500
001 25071
003
040
090 |a 179701  
110 |a Naciones Unidas  
245 |a Reunión grupo de expertos en violencia en la familia con énfasis especial en sus efectos en las mujeres  
260 |a s.l.:   |b FLACSO  
300 |a 345 p.  
999 |c 16606  |d 16606